000 01181cam a22003497a 4500
003 CHAP
005 20220817041521.0
008 971013s1984 r 00010 d
010 _a16794
011 _a17766
035 _a21850
040 _cCHAP
082 _a338.1731
_bH8
100 0 0 _aHuddleston, Barbara.
_956624
245 0 _aClosing the cereals gap with trade and food aid
260 _aWashington :
_bInternational Food Policy Research Institute,
_c1984
300 _a107 p.
410 _aInternational Food Policy Research Institute
490 0 _aResearch report
_v; 43
590 _aBATCH-UPD
_b10
_c20130110
_lUCH01
_h0029
590 _aBATCH-UPD
_b10
_c20130110
_lUCH01
_h1408
590 _aBATCH-UPD
_b10
_c20130410
_lUCH01
_h0856
590 _aBATCH-UPD
_b10
_c20130914
_lUCH01
_h0912
590 _aCONVERSION
_b10
_c20130109
_lUCH01
_h1310
650 1 4 _aCereales
_xMercadeo.
_921435
650 1 4 _aCooperación agrícola internacional.
_927767
810 _aInternational Food Policy Research Institute
830 0 _aResearch report
_v; 43
_996080
901 _aBK
942 _cLIBRO
949 _a338.1731 H8
_bBC
_cLIBRO
_d33724000111084
_eLIBRO
_h62150
_i21850
_mD
_si
999 _c16794
_d16794